| 000 | 00704nam a2200205 a 4500 | ||
|---|---|---|---|
| 001 | 000029954 | ||
| 003 | DO-SdBNP | ||
| 005 | 20220926082823.0 | ||
| 007 | ta | ||
| 008 | 110427s1956 dr c 000 0 spa d | ||
| 040 |
_aDO-SdBNP _bspa _cBNPHU |
||
| 082 |
_axxx _bxxx |
||
| 110 |
_976405 _aPoder Judicial (República Dominicana) |
||
| 245 | 1 | 0 | _aHomenaje del Poder Judicial de la República al padre de la patria nueva generalísimo doctor Rafael Leónidas Trujillo Molina en ocasión del año del benefactor de la patria./ |
| 260 |
_aCiudad Trujillo : _bPoder Judicial, _c1956. |
||
| 300 |
_a[12 p.] : _bretr. ; _c22 cm. |
||
| 590 | _aInventariado, 2022/ YL | ||
| 910 | _aYLockward | ||
| 942 |
_2ddc _cLF2 |
||
| 999 |
_c29446 _d29446 |
||